000 00351nam a22001457a 4500
003 OSt
005 20160727222457.0
008 160705b xxu||||| |||| 00| 0 eng d
040 _cTEST
100 _92201
_a Rao, C
245 _aDusty the Dachshund
260 _aN.D
_b Children Books Trust
_c2003
300 _aDusty the Dachshund
942 _2ddc
_cBK
999 _c1889
_d1889